000 01293cam a2200349 4500
001 10733
003 BD-RjUL
005 20211208235015.0
008 140125s1971 ne a b 100 0 eng d
020 _a0720440874
035 _a(BD-RjUL)10782
040 _aDLC
_cDLC
_dDLC
_d(BD-RjUL)
_beng
041 _aeng
082 0 0 _a574.8734
_bAUT
245 0 0 _aAutonomy and biogenesis of mitochondria and chloroplasts :
_ba symposium sponsored by International Union of Biochemistry, Australian Academy of Science and United States National Academy of Sciences /
_cEd. by N. K. Boardman, Anthony W. Linnane and Robert M. Smillie.
260 _aAmsterdam :
_bNorth-Holland Pub. Co. ,
_c1971.
300 _axi, 511 p. :
_c27 cm.
_b illus. ;
350 _afl124.80
500 _aSymposium held in Canberra, Dec. 8-13, 1969.
504 _aIncludes bibliographical references.
650 0 _aMitochondria
_xCongresses.
_933196
650 0 _aChloroplasts
_xCongresses.
_933197
700 1 _eed.
_933198
700 1 _eed.
_933199
700 1 _eed.
_933200
710 2 _aInternational Union of Biochemistry.
_933201
710 2 _aAustralian Academy of Science.
_933202
710 2 _aNational Academy of Sciences (U.S.)
_95760
942 _2ddc
_cBK
999 _c10733
_d10733